| 000 | 00441nam a2200169Ia 4500 | ||
|---|---|---|---|
| 008 | 231217s9999 xx 000 0 und d | ||
| 020 | _a8131707059 | ||
| 041 | _aEnglish | ||
| 082 | _a001.64404ECO AWA;1 R | ||
| 100 | _aAwad, Elias M | ||
| 245 | 0 | _aElectronic commerce : from vision to fulfillment | |
| 250 | _a3rd ed. | ||
| 260 |
_c2007 _bPearson _aDelhi |
||
| 300 | _a575 | ||
| 650 | _acommerce,:,vision,fulfillment | ||
| 942 | _cAA | ||
| 999 |
_c178606 _d178606 |
||